[Event "Goiania op"]
[Site "Goiania"]
[Date "2013.03.08"]
[Round "1"]
[White "Franca, Jairo Jr"]
[Black "Souza Filho, Fernando Angelico"]
[Result "1-0"]
[WhiteElo "1965"]
[BlackElo "1836"]
[PlyCount "71"]
[EventDate "2013.03.08"]
[EventType "swiss"]
[EventRounds "6"]
[EventCountry "BRA"]
[SourceTitle "EXT 2015"]
[Source "ChessBase"]
[SourceDate "2014.11.20"]
[SourceVersion "1"]
[SourceVersionDate "2014.11.20"]
[SourceQuality "1"]

1. e4 e5 2. Nf3 Nc6 3. Bb5 a6 4. Ba4 Nf6 5. 0-0 Be7 6. Re1 d6 7. d4 Bd7 8. c3 0-0 9. h3 h6 10. Nbd2 Nh5 11. Nf1 b5 12. Bb3 Nf6 13. a4 b4 14. d5 Na5 15. cxb4 Nxb3 16. Qxb3 a5 17. bxa5 Rxa5 18. Bd2 Ra8 19. Qc4 c5 20. dxc6 Be6 21. Qc2 Rc8 22. b4 Qc7 23. b5 d5 24. exd5 Bxd5 25. Nxe5 Bd6 26. Nc4 Bxc4 27. Qxc4 Be5 28. Bc3 Ra8 29. Bxe5 Qd8 30. Ng3 Re8 31. Nf5 Ra7 32. Rad1 Qa5 33. Bc3 Qb6 34. Bxf6 Rxe1+ 35. Rxe1 gxf6 36. Qg4+ 1-0